Cad và người thiết kế AutoCAD và tiêu chuẩn quốc tế về kỹ nghệ họa và Cad

Gespeichert in:
Bibliographische Detailangaben
1. Verfasser: Lê, Vi
Format: Buch
Sprache:Undetermined
Veröffentlicht: Hà Nội Lao động 2010
Schlagworte:
Tags: Tag hinzufügen
Keine Tags, Fügen Sie den ersten Tag hinzu!
Thư viện lưu trữ: Trung tâm Học liệu Trường Đại học Cần Thơ
LEADER 00615nam a2200193Ia 4500
001 CTU_161073
008 210402s9999 xx 000 0 und d
020 |c 84000 
082 |a 620.00420285 
082 |b V300 
100 |a Lê, Vi 
245 0 |a Cad và người thiết kế AutoCAD và tiêu chuẩn quốc tế về kỹ nghệ họa và Cad 
245 0 |c Lê Vi, Nguyên Ngọc 
260 |a Hà Nội 
260 |b Lao động 
260 |c 2010 
650 |a AutoCAD,Đồ họa máy tính 
910 |a Nguyên 
980 |a Trung tâm Học liệu Trường Đại học Cần Thơ